'B' TV Shows by Picture Quiz Stats

 Plays Quiz Updated Sep 24, 2018

Challenge
Share
Tweet
Score 0/20 Timer 05:00
0 Plays Today
Location Show % Correct
5DBatman
98.2%
4DBarney
94.9%
5ABaywatch
92.9%
2BThe Biggest Loser
89.4%
1BThe Big Bang Theory
87%
1CBlue's Clues
85.2%
4AThe Brady Bunch
82.2%
1ABoy Meets World
71.6%
3CBewitched
69.8%
5BBig Brother
62.5%
Location Show % Correct
3DBeverly Hillbillies
60.7%
1DBoston Legal
59.2%
3ABreaking Bad
59.1%
5CBeverly Hills 90210
57.1%
2ABoardwalk Empire
51.8%
3BThe Bachelor
49.9%
2CBrothers and Sisters
42.4%
4BBosom Buddies
37.4%
4CBattlestar Galactica
35.1%
2DBig Love
28.1%

You're not logged in!

Compare scores with friends on all Sporcle quizzes.
OR
Log In

You Might Also Like...

Show Comments

Extras

Top Quizzes Today


Score Distribution

Your Account Isn't Verified!

In order to create a playlist on Sporcle, you need to verify the email address you used during registration. Go to your Sporcle Settings to finish the process.

Report this User

Report this user for behavior that violates our Community Guidelines.

Details: